Normal view
MARC view
- علم نفس تربوي. التربية و التعليم-فلسفة
Entry Topical Term
001 - CONTROL NUMBER
- control field: 16609
003 - CONTROL NUMBER IDENTIFIER
- control field: JO-AjAnu
005 - DATE AND TIME OF LATEST TRANSACTION
- control field: 20230606072940.0
008 - FIXED-LENGTH DATA ELEMENTS
- fixed length control field: 230606|| aca||aabn | a|a d
040 ## - CATALOGING SOURCE
- Original cataloging agency: JO-AjAnu
- Transcribing agency: JO-AjAnu
150 ## - HEADING--TOPICAL TERM
- Topical term or geographic name entry element: علم نفس تربوي. التربية و التعليم-فلسفة
670 ## - SOURCE DATA FOUND
- Source citation: Work cat.: (JO-AjAnu)8529: هندي،صالح ذياب/عليان،هشام عامر م.مشارك/العموي،أحمد عبد الرحيم م.مشارك/حواشين،مفيد نجيب م.مشارك , author 16608, أسس التربية